000 00462nam a2200181Ia 4500
001 13333
005 20260306164753.0
008 260306t2019||||xx |||||||||||||| ||spa||
041 _aESP
082 _a001.42
_bS23T
100 _aSánchez Espejo, Francisco G.
_eAUT
245 0 _aTesis:
_bdesarrollo metodológico de la investigación
260 _c2019
300 _a288 páginas :
_c24 cm.
650 _aGEN
654 _aCCC
942 _cLIB
_dJUS
_fJUS
_2ddc
_n
999 _c13333
_d13333